000 00765nam a2200289Ia 4500
003 OSt
005 20221005074219.0
006 a|||||r|||| 00| 0
007 ta
008 221004b |||||||| |||| 00| 0 eng d
020 _a8187496129
024 _a83858
037 _cTextual
040 _aCRL
_cCRL
_beng
041 _2eng
_aeng
082 _aV2:19(C9B3), N9
100 _aRam N.
_9439504
245 0 _aRiding the nuclear tiger
260 _aNew Delhi
_bLeft Word Books India
_c1999
300 _a120p.
_ccm.
490 _aSignpost
650 _a INDIA - FOREIGN RELATIONS
_928675
650 _a INDIA - HISTORY
650 _aNUCLEAR PHYSICS
_9543687
942 _hV2:19(C9B3), N9
_cTEXL
_2cc
999 _c982357
_d982357